特色地名用字——“氵”专辑 - Statistics

General Stats
  • This quiz has been taken 61 times
    60 since last reset
  • The average score is 5 of 19
Answer Stats
频率/% 省份 % Correct
6.98 上海
65%
1.65 天津
61%
31.38 辽宁
57%
0.59/0.39 上海/浙江
50%
3.72 上海
44%
2.37/1.66 香港/青海
37%
2.91 贵州
31%
0.38 天津
28%
0.36 山东
26%
3.68 福建
24%
4.73 香港
19%
3.93 陕西
19%
2.5 上海
15%
1.01 江西
13%
1.69 内蒙古
7%
1.52/1.43 宁夏/甘肃
6%
2.04/1.73 宁夏/甘肃
4%
2.93 宁夏
2%
沿 0.52 吉林
2%
No matching quizzes found
Score Distribution
Percent of People with Each Score
Percentile by Number Answered
Your Score History
You have not taken this quiz since the last reset